20 chansons de Mylène Farmer - Aléatoire - Statistiques

Statistiques générales
  • Ce quiz a été pris 398 fois
  • Le résultat moyen est 6 sur 20
Statistiques - réponses
Hint Réponse % Correct
Le ciel peut bien m'attendre Désenchantée
92%
Ne dis plus jamais non Oui mais... Non
92%
Par amour pour un toqué Pourvu qu'elles soient douces
85%
Tour à tour on me chasse Sans contrefaçon
85%
J'aime ce qu'on m'interdit Maman a tort
84%
J'ai comme une envie Je t'aime mélancolie
82%
Je ris sans rire A quoi je sers
80%
La nuit augmente, souviens-toi ! L'Horloge
75%
Suspendu pour l'éternité Rêver
75%
Je te laisse parce que je t'aime Comme j'ai mal
70%
C'est ça le temps qui passe Optimistique-moi
68%
Tu dis qu'il faut du temps Ainsi soit-je
67%
Tu m'as laissé me compromettre Je te rends ton amour
67%
Et l'essaim bat la mesure L'âme-stram-gram
67%
Sous la lune m'allonger Paradis inanimé
64%
Je fais le tour du monde Porno graphique
64%
Au vent que je devine Regrets
64%
Le bonheur, lui me fait peur C'est une belle journée
62%
L'on manie élégance Fuck them all
60%
Accueillir dans ses entrailles Rallumer les étoiles
60%
Et plus jamais de "jamais plus" Que je devienne
58%
J'en perds la tête Agnus Dei
57%
Il a pris des chemins solitaires Devant soi
57%
Même s'il me faut tout recommencer Innamoramento
57%
Faut qu'ça bouge Dégénération
56%
Mes splendeurs sont celles du cœur Mylène s'en fout
55%
Il est l'ange pour moi Q.I
55%
Nos chemins de vie parfois nous superposent Du temps
50%
Oublie tes doutes pour l'autre rive Parler d'avenir
50%
Mon sang chavire et tangue Point de suture
50%
Divine image de l'addiction Sextonik
50%
Besoin d'un regard, de peau et de larmes XXL
50%
Mais pour l'heure, dis L'instant X
47%
Je suis stoïque, mais plus pour longtemps Pas de doute
46%
Garder ton cœur et ton ombre Inséparables
45%
Qui m'oublie, qui me fuit Avant que l'ombre
44%
Nos deux corps étendus, là Beyond my control
44%
M'a mise tout sans dessus dessous Plus grandir
44%
It's easy this time to lose my mind Psychiatric
44%
Moi je m'invente une vie C'est dans l'air
43%
Sais-tu l'espoir quand jaillit la lumière ? Dernier sourire
43%
Maintenant, tout de suite Déshabillez-moi
43%
Je n'ai plus de réflexes Do you know who I am
43%
I find it kind of sad Mad World
43%
Fiancée à l'enténèbrement Si j'avais au moins
43%
C'était un matin, bien Laisse le vent emporter tout
42%
Nulle vie, nul ressentiment Nobody Knows
42%
Leur quant à soi Histoires de fesses
40%
C'est la mienne aussi Il n'y a pas d'ailleurs
40%
Les chemins sont multiples Méfie-toi
40%
Ballet d'étoiles, insaissables Vertige
40%
Quand tu pars Bleu Noir
38%
Un marbre sans veines Pas le temps de vivre
38%
C'est Dieu qui t'envoie Sentimentale
38%
Temps, j'ai maudit ton corps ! Diabolique mon ange
36%
Je me sens toute seule Mylene is Calling
36%
Rapace, je m'évade Pas d'access
36%
Suis-je faite pour les rêves ? A l'ombre
33%
La peur des regards Appelle mon numéro
33%
Dose adrénaline L'emprise
33%
Soul, how would it feel ? Les mots
33%
Un goût amer Libertine
33%
Je perds l'audition Monkey Me
33%
Nos vies qui s'écoulent chaque jour saignent Nous souviendrons nous
33%
Et j'ai vu des morts Désobéissance
31%
Vois comme c'est lourd L'amour naissant
31%
Comme une chanson d'amour Stolen car
31%
Même pour un nirvana Tomber 7 fois
31%
Monte sur l'arbre comme un oiseau Jardin de Vienne
30%
Vas-y, ouvre grand Rayon Vert
30%
Qui comptent plus qu'un "c'est fini" Rolling Stone
30%
Moi diffuse, j'ai fait ce que j'ai pu Interstellaires
29%
Toutes mes forces aussi L'autre
29%
Tout vole en éclat M'effondre
29%
Quand la présence d'un vent calme entrouvre l'univers Peut-être toi
29%
D'où vient ta peur du néant ? Allan
27%
Quand je ne sais plus comment faire Des larmes
27%
La peur de ne pas savoir où aller Elle a dit
27%
Mais j'ai vu l'être emporté Et si vieillir m'était conté
27%
Pauvre humanité est en pièces Ne plus renaître
27%
Au bruit des pas qui résonnent Souviens-toi du jour
27%
But deep down i love you Inseparables
25%
You say that you love I want you to want me
25%
Béni soit l'or de tous les mondes L'Âme dans l'eau
25%
I stayed out, all night Light me up
25%
Quand tu n'oses pas les mots Quand
25%
Vertige d'amour, amour blessé Que mon cœur lâche
25%
Nous nous laissons dériver Sans logique
25%
Que n'ai-je un pinceau d'écume Tu ne le dis pas
25%
Mais que penser de l'univers Un jour ou l'autre
25%
Là-bas, sous les chênes Chloé
23%
Ma vie s'enténèbre L'amour n'est rien
23%
Il pleut sur Vienne A force de
22%
La vie ne vaut rien, mais… A rebours
22%
Ta bouche soufflant sur mes mots Au bout de la nuit
22%
Immensité des sentiments Consentement
22%
Ma p'tite âme est sale Vieux bouc
22%
I see no trace of you Looking for my name
21%
Je sais qu'elle marche sans savoir qui elle est Eaunanisme
20%
Tes silences effleuraient du bout des doigts Pardonne-moi
20%
Le black-out, petite âme Alice
18%
Frappe à ma porte Je te dis tout
18%
C'est là que je renonce Que l'aube est belle
18%
L'hiver pourvu qu'on le cultive Ange, parle-moi
17%
Mon idéal ? Le mystère et l'horreur Effets secondaires
17%
Aucun doute, c'est l'amour Invisibles
17%
Donner l'impression d'être heureux Je voudrais tant que tu comprennes
17%
Quand saigne mon cloître Moi je veux...
17%
Et nul n'a surpris son cri Redonne-moi
17%
Tenter d'atteindre une humanité Dans les rues de Londres
15%
Aux morts qu'importe les dés Et tournoie
15%
Donnez-nous vos longues vies C'est pas l'heure
14%
J'imaginais vos cernes Derrière les fenêtres
14%
J'ai rêvé trop fort Get up girl
14%
L'âme est ainsi Lonely Lisa
14%
Et bien au-dedans les rivières Ode à l'apesanteur
14%
Se dire que la morsure du temps n'est rien Dessine-moi un mouton
13%
I do love you La ronde triste
13%
How should I know ? Love dance
13%
Quand je fais ce rêve étrange Serais-tu là ?
13%
Un feu de failles Aime
11%
Sur la toile, nos corps épinglés Bouteille à la mer
11%
Marcher sa vie entière à côté de soi C'est pas moi
11%
Et las, contemple les ombres Insondables
11%
Open to everything happy and sad Slipping Away (Crier la vie)
11%
Pas plus le droit de fuir Voie lactée
11%
Je doute et je saigne A tout jamais
10%
L'amour est court d'innocent Et pourtant
10%
Et je manque d'air quand tu m'oublies J'ai essayé de vivre
10%
Qui berce longuement notre esprit enchanté Au lecteur
9%
Je veux un nouveau berceau, le paradis Puisque
9%
Que des anges aux pieds Réveiller le monde
9%
Poussière de sentiment qui devient plaine Toi l'amour
9%
Dominus Tecum Ave Maria
8%
Je sais qu'il existe California
8%
Corps cassé, nulle espérance Leila
8%
Et quand la danse cessera N'aie plus d'amertume
8%
Assise au bord du Styx On est tous des imbéciles
8%
D'une vie à l'autre Love song
7%
Aux jours livides qui semblent me dire Tous ces combats
7%
Donner tout de moi pour t'y voir A-t-on jamais
6%
N'avoir d'autre vœu que l'autre City of Love
0%
Qu'y a-t-il de l'autre côté ? D'un autre part
0%
It's too late to heal Ghosts (How can I move on)
0%
Fuir n'est pas facile Greta
0%
C'est à vous que mon trésor a été confié Hyenas
0%
J'existe pour qu'on m'aime Ici bas
0%
Se mentir des vies durant J'attends
0%
Vivre en blessure Je m'ennuie
0%
Ça naît, ça meurt L'annonciation
0%
Pourtant, je donnerais ma vie La poupée qui fait non
0%
Enivre vos espoirs La veuve noire
0%
Quand ma peine est immense L'histoire d'une fée, c'est
0%
Une faille au grand jour Never tear us apart
0%
Your constellation carries me along N'oublie pas
0%
On s'assomme et c'est la faille On a besoin d'y croire
0%
Dans mon manteau, l'eau qui a coulé Prière
0%
Gouttes de vie qui tombent et coulent Retenir l'eau
0%
J’entends tes mots, ta voix à l’infini Sois moi - Be me
0%
La vie comme ça Tristana
0%
All my love, à jamais entre nous Untitled
0%
Le désert t'a déchu We'll Never Die
0%
Aucun quiz correspondant
Distribution des résultats
% des personnes avec chaque résultat
Percentile par nombre de réponses
Votre historique - résultats
Vous n’avez pas pris ce quiz